Environmental indicators for agriculture
Salvato in:
| Natura: | Libro |
|---|---|
| Lingua: | inglese |
| Pubblicazione: |
Paris
OECD
1997
|
| Soggetti: | |
| Tags: |
Nessun Tag, puoi essere il primo ad aggiungerne!!
|
MARC
| LEADER | 00000nam a2200000 4500 | ||
|---|---|---|---|
| 001 | c117848 | ||
| 005 | 20221124074554.0 | ||
| 020 | |a 92-64-15315-2 | ||
| 041 | 0 | |a eng | |
| 044 | |a FR | ||
| 245 | 1 | 0 | |a Environmental indicators for agriculture |
| 264 | 1 | |a Paris |b OECD |c 1997 | |
| 300 | |a 622 s. | ||
| 610 | 2 | 0 | |a poľnohospodárstvo |
| 610 | 2 | 0 | |a prostredie prírodné |
| 610 | 2 | 0 | |a prostredie životné |
| 610 | 2 | 0 | |a agrochemikálie |
| 610 | 2 | 0 | |a agrochémia |
| 610 | 2 | 0 | |a agrotechnika |
| 610 | 2 | 0 | |a farmy |
| 610 | 2 | 0 | |a riadenie |
| 610 | 2 | 0 | |a ukazovatele technicko-ekonomické |
| 610 | 2 | 0 | |a OECD |